El caudillismo y la revolución americana: polémica
Guardat en:
| Autors principals: | , |
|---|---|
| Format: | Llibre |
| Idioma: | espanyol |
| Publicat: |
Montevideo
Biblioteca Artigas
1966
|
| Col·lecció: | Colección de Clásicos Uruguayos, 110
|
| Matèries: | |
| Etiquetes: |
Afegir etiqueta
Sense etiquetes, Sigues el primer a etiquetar aquest registre!
|
MARC
| LEADER | 00000nam a2200000 a 4500 | ||
|---|---|---|---|
| 001 | UCU1370 | ||
| 003 | CL-VaPUC | ||
| 008 | 960404e19660000UY |||||||||||||||||spa|d | ||
| 082 | 0 | 4 | |a 980 |b HER |2 21 |
| 100 | 0 | |a Herrera y Orbes, Manuel |e author |9 357014 | |
| 700 | 0 | |a Berro, Bernardo Prudencio |e author |9 357015 | |
| 245 | 1 | 3 | |a El caudillismo y la revolución americana: polémica |
| 300 | |a 155 p | ||
| 942 | |c BK | ||
| 945 | |d 19960404 00:00:00 |a rleighto | ||
| 260 | |a Montevideo |b Biblioteca Artigas |c 1966 | ||
| 650 | 0 | |a Historia |9 255047 | |
| 650 | 7 | |a REVOLUCION |2 CL-VaPUC |9 338298 | |
| 651 | 0 | |a América |9 255182 | |
| 583 | |a last modification |c 19960404 00:00:00 |k Rodrigo Vera | ||
| 490 | 0 | |a Colección de Clásicos Uruguayos, 110 | |
| 999 | |c 246016 |d 246014 | ||
| 952 | |0 0 |1 0 |4 0 |6 980_000000000000000_HER_1966 |7 0 |8 A |9 260725 |a BIBHIS |b BIBHIS |d 2019-11-19 |i 318725K |o 980 HER 1966 |p 318725K |r 2025-01-20 |w 2019-11-19 |y BK |k HIS | ||